Vista normal
Vista MARC
- Mainer Baque, José Carlos
Entrada Nombre personal
Número de registros utilizados en: 1
001 - NÚMERO DE CONTROL
- campo de control: 30649
003 - IDENTIFICADOR DEL NÚMERO DE CONTROL
- campo de control: AR-RoBPED
005 - FECHA Y HORA DE LA ÚLTIMA TRANSACCIÓN
- campo de control: 20260325092944.0
008 - DATOS DE LONGITUD FIJA
- campo de control de longitud fija: 260325|| ac|||aabn | a|a d
040 ## - FUENTE DE LA CATALOGACIÓN
- Centro catalogador/agencia de origen: AR-RoBPED
100 ## - ENCABEZAMIENTO-NOMBRE DE PERSONA
- Nombre de persona: Mainer Baque, José Carlos
- Fechas asociadas al nombre: 1944-